<?xml version="1.0" encoding="UTF-8"?><?xml-stylesheet type="text/xsl" href="static/style.xsl"?><OAI-PMH xmlns="http://www.openarchives.org/OAI/2.0/" xmlns:xsi="http://www.w3.org/2001/XMLSchema-instance" xsi:schemaLocation="http://www.openarchives.org/OAI/2.0/ http://www.openarchives.org/OAI/2.0/OAI-PMH.xsd"><responseDate>2026-06-06T04:20:03Z</responseDate><request verb="GetRecord" identifier="oai:riuma.uma.es:10630/37878" metadataPrefix="marc">https://riuma.uma.es/rest/oai/request</request><GetRecord><record><header><identifier>oai:riuma.uma.es:10630/37878</identifier><datestamp>2026-02-03T11:35:24Z</datestamp><setSpec>com_10630_2254</setSpec><setSpec>col_10630_37953</setSpec></header><metadata><record xmlns="http://www.loc.gov/MARC21/slim" xmlns:dcterms="http://purl.org/dc/terms/" xmlns:doc="http://www.lyncode.com/xoai" xmlns:xsi="http://www.w3.org/2001/XMLSchema-instance" xsi:schemaLocation="http://www.loc.gov/MARC21/slim http://www.loc.gov/standards/marcxml/schema/MARC21slim.xsd">
   <leader>00925njm 22002777a 4500</leader>
   <datafield ind2=" " ind1=" " tag="042">
      <subfield code="a">dc</subfield>
   </datafield>
   <datafield ind2=" " ind1=" " tag="720">
      <subfield code="a">Cuesta-Vargas, Antonio</subfield>
      <subfield code="e">author</subfield>
   </datafield>
   <datafield ind2=" " ind1=" " tag="720">
      <subfield code="a">Cano Herrera, Carlos Leonardo</subfield>
      <subfield code="e">author</subfield>
   </datafield>
   <datafield ind2=" " ind1=" " tag="260">
      <subfield code="c">2014-04-15</subfield>
   </datafield>
   <datafield ind2=" " ind1=" " tag="520">
      <subfield code="a">Background: Aquatic exercise has been widely used for rehabilitation and functional recovery due to its physical and physiological benefits. However, there is a high variability in reporting on the muscle activity from surface electromyographic (sEMG) signals. The aim of this study is to present an updated review of the literature on the state of the art of muscle activity recorded using sEMG during activities and exercise performed by humans in water.&#xd;
Methods: A literature search was performed to identify studies of aquatic exercise movement.&#xd;
Results: Twenty-one studies were selected for critical appraisal. Sample size, functional tasks analyzed, and muscles recorded were studied for each paper. The clinical contribution of the paper was evaluated.&#xd;
Conclusions: Muscle activity tends to be lower in water-based compared to land-based activity; however more research is needed to understand why. Approaches from basic and applied sciences could support the understanding of relevant aspects for clinical practice.</subfield>
   </datafield>
   <datafield ind1="8" ind2=" " tag="024">
      <subfield code="a">Cuesta-Vargas AI, Cano-Herrera CL. Surface electromyography during physical exercise in water: a systematic review. BMC Sports Sci Med Rehabil. 2014 Apr 15;6(1):15. doi: 10.1186/2052-1847-6-15. Epub ahead of print. PMID: 24731774; PMCID: PMC4129181.</subfield>
   </datafield>
   <datafield ind1="8" ind2=" " tag="024">
      <subfield code="a">https://hdl.handle.net/10630/37878</subfield>
   </datafield>
   <datafield ind1="8" ind2=" " tag="024">
      <subfield code="a">10.1186/2052-1847-6-15</subfield>
   </datafield>
   <datafield tag="653" ind2=" " ind1=" ">
      <subfield code="a">Ejercicio físico - Medición</subfield>
   </datafield>
   <datafield ind2="0" ind1="0" tag="245">
      <subfield code="a">Surface electromyography during physical exercise in water: a systematic review</subfield>
   </datafield>
</record>
</metadata></record></GetRecord></OAI-PMH>